000 01238nam0a22002651 4500
001 rc\262680
005 20050516150346.3
035 _a(NLR Aleph) 008755362
090 _a7832722
_c7832722
100 _a20030307d1991 u |0rusy50 ca
101 0 _arus
102 _aRU
105 _ay |||||||||
200 1 _aПРОТИВОБОЛЕВАЯ терапия при злокачественных новообразованиях
_e(Метод. рекомендации)
_fМ-во здравоохранения Узбекистана
_g[Сост. д. м. н., проф. Н.К. Муратходжаев, к. м. н. Р.С. Мадалиходжаев]
210 _aТашкент
_cБ. и.
_d1991
215 _a10 с.
_d20
606 1 _aБоль при злокачественных опухолях
_xТерапия
_jМетодические пособия
_2nlr_sh1
702 1 _aМуратходжаев
_bН. К.
_f1928-
_gНариман Кадырович
_4220
712 0 1 _aРеспублика Узбекистан
_bМ-во здравоохранения
_3RU\NLR\AUTH\8810034896
801 0 _aRU
_bNLR
_gpsbo
801 1 _aRU
_bELAR
_2rusmarc
801 2 _aRU
_bNLR
_c20050516
_2rusmarc
852 _aNLR
_j93-4/1956
942 _cBOOK
980 _aNB